Sports Quiz

Random Sports or NFL Quiz

Denver Broncos 2015 Name Matching Quiz Stats

 Plays Quiz not verified by Sporcle

Support Sporcle.
Go Orange.
Score 0/60 Timer 07:00
0 Plays Today
% Correct
Peyton
94.5%
Aqib
91%
Brock
90.1%
Von
89.6%
Emmanuel
89.4%
Demaryius
89%
C.J.
88%
DeMarcus
87.6%
Brandon
85.9%
Derek
81.9%
T.J.
81.7%
Danny
81.3%
Trevor
80.6%
Brandon
79.9%
Ronnie
79.3%
Britton
78.7%
Bradley
78.6%
Cody
77.4%
Virgil
76.7%
Chris
75.2%
Shane
74.3%
Shaquil
72.8%
Vernon
70.1%
Ryan
70.1%
Matt
69.7%
Owen
69.2%
Bennie
69.1%
Malik
69.1%
Darian
68.2%
Sylvester
64.8%
% Correct
Jeff
64.4%
Andre
63.3%
Jordan
60.9%
Kayvon
60.3%
Louis
57.9%
Ty
55.1%
Omar
55%
Max
54.7%
Evan
53.6%
Todd
52.7%
Michael
52.1%
Juwan
50.6%
Shiloh
49.7%
David
49.4%
Tyler
45.2%
Vance
44.6%
Lorenzo
41.2%
Darius
35.6%
Corey
33.4%
Ryan
31.3%
Lerentee
29.9%
Aaron
29.1%
Kenny
25.8%
Josh
24%
Antonio
23.4%
Taurean
23.2%
James
23.1%
Sam
21%
Kyle
18.2%
Robert
13.5%

You're not logged in!

Compare scores with friends on all Sporcle quizzes.
OR
Log In

From the Vault

Back to School Supplies

by citkeane

That's a lot of stuff to carry around in one little backpack!
Remove Ads.
Support Sporcle.
Get the best of Sporcle when you Go Orange. This ad-free experience offers more features, more stats, and more fun while also helping to support Sporcle. Thank you for becoming a member.

Show Comments

Extras

Top Quizzes Today


Score Distribution

Your Account Isn't Verified!

In order to create a playlist on Sporcle, you need to verify the email address you used during registration. Go to your Sporcle Settings to finish the process.

Report this User

Report this user for behavior that violates our Community Guidelines.

Details: